Ethical deliberation in multiprofessional health care teams

Đã lưu trong:
Bibliografiske detaljer
Hovedforfatter: Hubert Doucet
Format: Bog
Sprog:Undetermined
Udgivet: Ottawa University of Ottawa Press 2000
Fag:
Tags: Tilføj Tag
Ingen Tags, Vær først til at tagge denne postø!
Thư viện lưu trữ: Trung tâm Học liệu Trường Đại học Cần Thơ
LEADER 00451nam a2200157Ia 4500
001 CTU_56146
008 210402s9999 xx 000 0 und d
082 |a 174.2 
082 |b D728 
100 |a Hubert Doucet 
245 0 |a Ethical deliberation in multiprofessional health care teams 
260 |a Ottawa 
260 |b University of Ottawa Press 
260 |c 2000 
650 |a Medical ethics 
980 |a Trung tâm Học liệu Trường Đại học Cần Thơ